Anar al contingut

Управленческий анализ: вопросы теории, практика проведения Монография

В монографии раскрывается содержание управленческого анализа деятельности организации формулируются его отличительные признаки определяющие место управленческого анализа в системе экономического анализа и управленческого учета. В книге представлена методика проведения управленческого анализа учитыва...

Descripció completa

Guardat en:
Dades bibliogràfiques
Autor principal: Вахрушина М.А
Format: Монография
Edició:1
Col·lecció:Научная книга
Accés en línia:https://znanium.com/catalog/document?id=400316
https://znanium.com/cover/1841/1841421.jpg
Etiquetes: Afegir etiqueta
Sense etiquetes, Sigues el primer a etiquetar aquest registre!
LEADER 03627nam0a2200421 i 4500
001 RU\infra-m\znanium\bibl\1841421
003 https://znanium.com/catalog/document?id=400316
005 20231214000000.0
010 |a 978-5-9558-0175-9 
010 |a 978-5-16-110632-7  |b электр. издание 
010 |a 978-5-16-004461-3  |b ISBN соиздателя 
100 |a 20231214d2022 m y0rusy0150 ca 
101 0 |a rus 
102 |a RU 
200 1 |a Управленческий анализ: вопросы теории, практика проведения  |e Монография  |f Финансовый университет при Правительстве Российской Федерации 
205 |a 1 
210 1 |a Москва  |c Вузовский учебник  |d 2022 
215 |a 144 с. 
225 1 |a Научная книга 
330 |a В монографии раскрывается содержание управленческого анализа деятельности организации формулируются его отличительные признаки определяющие место управленческого анализа в системе экономического анализа и управленческого учета. В книге представлена методика проведения управленческого анализа учитывающая стадии производственного процесса. На практических примерах показано как использование этой методики позволяет руководству организаций повысить эффективность принимаемых управленческих решений на основе достоверной релевантной информации и способствует усилению конкурентных преимуществ. Для студентов аспирантов преподавателей экономических вузов слушателей системы подготовки и повышения квалификации бухгалтеров аудиторов специалистов финансово-экономических служб руководства и менеджмента организаций. 
333 |a Дополнительное профессиональное образование 
606 |a Экономика. Бухгалтерский учет. Финансы  |x Теория экономического анализа  |2 local 
608 |a Монография  |2 local 
675 |a 336.61  |z rus 
686 |a 65.2/4-93  |2 rubbk 
686 |a 38.03.01  |2 okso 
686 |a 38.03.02  |2 okso 
686 |a 38.03.04  |2 okso 
686 |a 38.04.01  |2 okso 
686 |a 38.04.02  |2 okso 
686 |a 38.04.04  |2 okso 
686 |a 38.06.01  |2 okso 
686 |a 38.07.02  |2 okso 
700 1 |a Вахрушина  |b М.А.  |g Мария Арамовна  |p Финансовый университет при Правительстве Российской Федерации 
701 1 |a Самарина  |b Л.Б.  |g Людмила Борисовна 
801 0 |a RU  |b Общество с ограниченной ответственностью «ЗНАНИУМ»  |c 20210909  |2 rusmarc 
856 4 |a znanium.com  |m ebs_support@infra-m.ru  |n НИЦ ИНФРА-М  |u https://znanium.com/catalog/document?id=400316 
856 4 1 |a znanium.com  |d /cover/1841  |f 1841421.jpg  |q image/jpeg  |u https://znanium.com/cover/1841/1841421.jpg